Hearts Topper: (Record no. 9871)

MARC details
000 -LEADER
fixed length control field 00322nam a22001337a 4500
008 - FIXED-LENGTH DATA ELEMENTS--GENERAL INFORMATION
fixed length control field 240409b |||||||| |||| 00| 0 eng d
020 ## - INTERNATIONAL STANDARD BOOK NUMBER
International Standard Book Number 9781444951387
082 ## - DEWEY DECIMAL CLASSIFICATION NUMBER
Classification number 813.54
100 ## - MAIN ENTRY--PERSONAL NAME
Personal name Oseman, Alice.
245 ## - TITLE STATEMENT
Title Hearts Topper:
Remainder of title Boy Meets Boy
300 ## - PHYSICAL DESCRIPTION
Extent 263 p.;
Other physical details ill,
Dimensions 23.4 Cm.
942 ## - Added entry Elements (Koha)
Source of classification or shelving scheme Dewey Decimal Classification
Holdings
Withdrawn status Lost status Source of classification or shelving scheme Damaged status Not for loan Collection code Home library Current library Shelving location Date acquired Serial Enumeration / chronology Total Checkouts Full call number Barcode Date last seen Price effective from Koha item type
    Dewey Decimal Classification     Fiction RTC Library RTC Library Fiction 09/04/2024 18596   FIC 813.54 OSE 30019213 09/04/2024 09/04/2024 Fiction
Royal Thimphu College || All Right Reserved